00302nam a2200121Ia 45000030006000000080041000060400015000471000032000622450035000942600022001295460012001510050017001630STCL150530s9999 xx 000 0 und d aSTCLcSTCL aBonner James; Galston, A.W. aPrinciples of plant physiology bW.H.Freemanc1952 aEnglish20220125170337.0